| 000 | 01304nam a22004690a 4500 | ||
|---|---|---|---|
| 001 | PT46697 | ||
| 003 | AR-LpoUNG | ||
| 005 | 20260131014315.0 | ||
| 008 | 201001s2012||||ag |||||||||||||||||spa d | ||
| 020 |
_a9789876301329 _c$56 |
||
| 040 |
_aAR-LpoUNG _bspa _eaacr |
||
| 041 | _aspa | ||
| 044 | _aag | ||
| 082 | 0 | _a334.01 412kar | |
| 100 | 1 |
_aLaville, Jean-Louis _esel. |
|
| 245 | 1 | 0 |
_aKarl Polanyi : _btextos escogidos |
| 250 | _a1ra. ed. | ||
| 260 |
_aBuenos Aires : _bUniversidad Nacional de General Sarmiento - CLACSO, _c2012. |
||
| 300 |
_a350 p. : _btbls. _3Impreso |
||
| 490 | 0 |
_aLecturas de economÃa social ; _vno. 3 |
|
| 650 | 4 | _aAMERICA LATINA | |
| 650 | 4 | _aCAPITALISMO | |
| 650 | 4 | _aCORPORATIVISMO | |
| 650 | 4 | _aCRISTIANISMO | |
| 650 | 4 | _aDOCTRINAS ECONOMICAS | |
| 650 | 4 | _aECONOMIA | |
| 650 | 4 | _aECONOMISTAS | |
| 650 | 4 | _aHISTORIA ECONOMICA | |
| 650 | 4 | _aINVESTIGACION ECONOMICA | |
| 650 | 4 | _aMARXISMO | |
| 650 | 4 | _aSOCIEDAD | |
| 650 | 4 | _aTEORIA ECONOMICA | |
| 653 | 0 | _aECONOMIA SOCIAL | |
| 653 | 0 | _aECONOMIA SOLIDARIA | |
| 653 | 0 | _aFASCISMO | |
| 700 | 1 |
_aCoraggio, José Luis _esel. _93 |
|
| 700 | 1 |
_aMendell, Marguerite _esel. |
|
| 700 | 1 |
_aPolanyi Levitt, Kari _esel. |
|
| 700 | 1 |
_aVentureira, Gabriela _etr. |
|
| 905 | _a46697 | ||
| 942 |
_cLIB _2ddc |
||
| 999 |
_c51109 _d51109 |
||